000 00445nam a22001817a 4500
003 MPLRDC
005 20220104123601.0
008 210129b ||||| |||| 00| 0 eng d
020 _a7-110-03980-3
082 _a292.22 LQ
100 _a力强编著
245 _a星座与希腊神话
_c
250 _a一版三刷
260 _a中国
_b科学普及出版社
_c1995
300 _b222
650 _a占星--星座
942 _cBK
_o292.22 LQ
999 _c12573
_d12563